Between river and barrow : a reappraisal of Bronze Age metalwork found in the province of East-Flanders (Belgium) /

Bibliographic Details
Main Author: Verlaeckt, Koen
Other Authors: Bourgeois, Jean
Format: Book
Language:English
Published: Oxford, England : Tempus Reparatum, 1996.
Series:BAR international series ; 632.
Subjects:

MARC

Tag First Indicator Second Indicator Subfields
LEADER 00000cam a2200000 a 4500
001 in00001313921
005 20151005052156.0
008 960625s1996 enkabf b 000 0 eng d
020 |a 0860548147 
035 |a (OCoLC)34986502 
035 |9 AHA9693AM 
040 |a LRU  |c LRU  |d TXA  |d UtOrBLW 
049 |a TXAM 
090 |a GN778.22.B4  |b V47 1996 
100 1 |a Verlaeckt, Koen. 
245 1 0 |a Between river and barrow :  |b a reappraisal of Bronze Age metalwork found in the province of East-Flanders (Belgium) /  |c Koen Verlaeckt ; with contributions by Jean Bourgeois [and others]. 
264 1 |a Oxford, England :  |b Tempus Reparatum,  |c 1996. 
300 |a viii, 165 pages, 14 pages of plates :  |b illustrations, maps ;  |c 30 cm. 
336 |a text  |b txt  |2 rdacontent 
337 |a unmediated  |b n  |2 rdamedia 
338 |a volume  |b nc  |2 rdacarrier 
490 1 |a BAR international series,  |v 632 
504 |a Includes bibliographical references (pages 147-158). 
650 0 |a Metal-work, Prehistoric  |z Belgium  |z East Flanders. 
650 0 |a Bronze age  |z Belgium  |z East Flanders. 
650 0 |a Bronze implements  |z Belgium  |z East Flanders. 
650 0 |a Bronzes, Prehistoric  |z Belgium  |z East Flanders. 
651 0 |a East Flanders (Belgium)  |x Antiquities. 
700 1 |a Bourgeois, Jean. 
830 0 |a BAR international series ;  |v 632. 
999 |a MARS 
999 f f |s eef7a47e-9ccd-3c40-94cd-41af2bfb58a6  |i 5fac9143-e561-3b40-8b1b-27af7472b4d9  |t 0 
952 f f |p ric  |a Texas A&M University  |b Rellis Campus  |c Joint Library Facility  |d Remote Storage  |t 0  |e GN778.22.B4 V47 1996  |h Library of Congress classification  |i unmediated -- volume  |m A14820087493 
998 f f |a GN778.22.B4 V47 1996  |t 0  |l Remote Storage